| Tag |
First Indicator |
Second Indicator |
Subfields |
| LEADER |
00000cas a2200000Ia 4500 |
| 001 |
in00001681021 |
| 005 |
20151024123535.0 |
| 006 |
m d |
| 007 |
cr mnu |
| 008 |
000126d19981999gw mx pss 0 0eng d |
| 019 |
|
|
|a 45605912
|
| 022 |
|
|
|a 0003-3146
|
| 035 |
|
|
|a (OCoLC)ocm43351662
|
| 040 |
|
|
|a OH1
|c OH1
|d TJC
|d UtOrBLW
|
| 049 |
|
|
|a TXAM
|
| 090 |
|
|
|a TP1101
|b .A5
|
| 130 |
0 |
|
|a Angewandte makromolekulare Chemie (Online)
|
| 245 |
1 |
4 |
|a Die Angewandte makromolekulare Chemie.
|
| 264 |
|
1 |
|a Weinheim, Fed. Rep. of Germany :
|b Wiley-VCH,
|c -[1999]
|
| 264 |
|
4 |
|c ©1999
|
| 310 |
|
|
|a Nine times a year
|
| 336 |
|
|
|a text
|b txt
|2 rdacontent
|
| 337 |
|
|
|a computer
|b c
|2 rdamedia
|
| 338 |
|
|
|a online resource
|b cr
|2 rdacarrier
|
| 362 |
1 |
|
|a Coverage as of July 20, 2001: Vol. 254, issue 1 (Feb. 1998)-v. 273, issue 1 (Dec. 1999).
|
| 500 |
|
|
|a Description based on: Volume 254, issue 1 (Feb. 1998); title from contents screen (viewed Jan. 26, 2000).
|
| 506 |
|
|
|a Subscription and registration required for access.
|
| 516 |
|
|
|a Abstracts, tables of contents, and citation information are HTML encoded; articles are available in portable document format (PDF)
|
| 530 |
|
|
|a Online version of the print title: Angewandte makromolekulare Chemie.
|
| 538 |
|
|
|a System requirements: Internet connectivity, World Wide Web browser, and Adobe Acrobat reader.
|
| 538 |
|
|
|a Mode of access: World Wide Web.
|
| 500 |
|
|
|a Electronic resource.
|
| 650 |
|
0 |
|a Plastics
|v Periodicals.
|
| 650 |
|
0 |
|a Polymers
|v Periodicals.
|
| 650 |
|
0 |
|a Polymerization
|v Periodicals.
|
| 776 |
1 |
|
|t Angewandte makromolekulare Chemie
|x 0003-3146
|w (DLC) 73005697
|w (OCoLC)1481139
|
| 785 |
0 |
0 |
|t Macromolecular materials and engineering (Online : John Wiley & Sons)
|w (OCoLC)47558903
|
| 948 |
|
|
|a MFHD URL added
|b h
|c 2002/10/17
|d c
|e rstovall5
|f 4:21:32 pm
|
| 949 |
|
|
|a batch update-edit 856
|c 2002/04/13
|e ahighsmi
|
| 949 |
|
|
|a correct ind 2 in 856
|c 2002/04/17
|e ahighsmi
|
| 994 |
|
|
|a 92
|b TXA
|
| 999 |
|
|
|a MARS
|
| 999 |
f |
f |
|s 987be8e3-d6cd-33a3-819e-e637ef9bc352
|i 19a70fb1-da19-3986-9230-b5ffc0693ae9
|t 0
|
| 952 |
f |
f |
|a Texas A&M University
|b College Station
|c Electronic Resources
|d Available Online
|t 0
|e TP1101 .A5
|g Electronic
|h Library of Congress classification
|
| 998 |
f |
f |
|a TP1101 .A5
|t 0
|l Available Online
|